000
00305nam a22001337a 4500
008
171108b xxu||||| |||| 00| 0 eng d
020
_a
9780393027938
041
_a
eng
080
_a
330.322
100
_a
64
101
_a
INV
245
_a
A RANDOM WALK DOWN WALL STREET
_c
MALKIEL,B.G
942
_2
udc
_c
BK
999
_c
38207
_d
38207